01453 a2200193 45000010006000000050017000060080041000230030015000640400040000790800032001192450088001510200022002392640034002613000024002955050735003191000035010547000023010898560147011121273420260407155440.0260407a2008 arg spa dAR-UNSa-BCEJYS aAR-UNSa-BCEJYSbspacAR-UNSa-BCEJYS a94:33xHistoria económica10aHistoria económica y social del mundo contemporáneopejes para su comprensión a978-987-01-0806-1 1aBuenos Aires :bErreparc2008 axii, 193 p.c27 cm. a1. Una introducción al mundo contemporáneo - 2. La revolución industrial en Inglaterra - 3. Cambios sociales y políticos y avances del capitalismo industrial - 4. La segunda revolución industrial - 5. Los Estados Unidos de América: surgimiento de una nación industrial - 6. Europa entre las dos guerras - 7. Del imperio de los zares a la revolución rusa. Construcción y derrumbe de la Unión Soviética - 8. Estados Unidos y la crisis de 1929 - 9. El mundo al término de la segunda guerra mundial: de los años de oro a la "estanflación" - 10. La guerra fría - 11. La crisis del petróleo - 12. La globalización financiera y el nuevo orden mundial - 13. Procesos de integración económica regional1 aMonserrat Llairó, María de1 aDíaz, Marcela V.41uhttps://biblioeco.unsa.edu.ar/pmb/images/libros/Historia economica y social del mundo contemporaneo-l118596.jpgyImagen de portadaqimage/jpeg